[Event "TV2 Fagernes International 2018"]
[Site "Scandic Hotel Fagernes"]
[Date "2018.03.25"]
[Round "7"]
[White "Løbersli, Henrik Øie"]
[Black "Loberg, Jo Kristian"]
[Result "1-0"]
[WhiteElo "2081"]
[BlackElo "2060"]
[PlyCount "115"]
[EventDate "2018.??.??"]

1. d4 d5 2. c4 c6 3. cxd5 cxd5 4. Nc3 Nf6 5. f3 Qb6 6. e4 dxe4 7. fxe4 e5 8.
Bb5+ Nc6 9. d5 Bb4 10. Qd3 a6 11. Ba4 Qa5 12. Bd2 O-O 13. Bd1 Ne7 14. Nf3 Ng6
15. O-O Nh5 16. Kh1 Nhf4 17. Qc4 b5 18. Qb3 Bd6 19. Ne2 Qc7 20. Rc1 Qb8 21.
Nxf4 exf4 22. Bb4 Bd7 23. Qa3 Bxb4 24. Qxb4 f5 25. d6 fxe4 26. Bb3+ Kh8 27.
Qxe4 Qxd6 28. Rfd1 Bf5 29. Rxd6 Bxe4 30. Ng5 Bf5 31. Rc5 Rac8 32. Rxc8 Bxc8 33.
Nf7+ Kg8 34. Ne5+ Kh8 35. Rxg6 h6 36. Rd6 Re8 37. Rd8 Rxd8 38. Nf7+ Kh7 39.
Nxd8 Bf5 40. Bd5 g5 41. b4 Kg6 42. Bb7 Kf6 43. Bxa6 Bd7 44. Nb7 Ke5 45. Nc5 Be8
46. Kg1 Kd4 47. Ne6+ Kc3 48. Nc7 Bf7 49. a3 Kb2 50. Nxb5 g4 51. Nc7 Kxa3 52. b5
Bg6 53. b6 Be4 54. b7 Bxb7 55. Bxb7 Kb3 56. Ne6 f3 57. gxf3 gxf3 58. Kf2
1-0

[Event "TV2 Fagernes International 2018"]
[Site "Scandic Hotel Fagernes"]
[Date "2018.03.25"]
[Round "7"]
[White "Guddahl, Viggo"]
[Black "Nordquelle, Amelia"]
[Result "1-0"]
[WhiteElo "2072"]
[BlackElo "1683"]
[PlyCount "31"]
[EventDate "2018.??.??"]

1. Nf3 d5 2. b3 Nf6 3. Bb2 g6 4. c4 e6 5. e3 Bg7 6. Be2 O-O 7. O-O c5 8. cxd5
exd5 9. d4 Ne4 10. Nc3 Be6 11. Rc1 f5 12. dxc5 Nxc5 13. Ba3 Ne4 14. Nxe4 dxe4
15. Bxf8 Qxf8 16. Ng5
1-0

[Event "TV2 Fagernes International 2018"]
[Site "Scandic Hotel Fagernes"]
[Date "2018.03.25"]
[Round "7"]
[White "Darnell, Anton"]
[Black "Melkevik, Johannes"]
[Result "1-0"]
[WhiteElo "2029"]
[BlackElo "1865"]
[PlyCount "159"]
[EventDate "2018.??.??"]

1. e4 e6 2. d4 d5 3. exd5 exd5 4. Nf3 Nf6 5. Bd3 Bd6 6. Qe2+ Qe7 7. Qxe7+ Kxe7
8. O-O Re8 9. Re1+ Kf8 10. Rxe8+ Kxe8 11. Nc3 c6 12. Bd2 Kf8 13. Ne5 h6 14. f4
Nfd7 15. Re1 Nxe5 16. fxe5 Be7 17. Ne2 Na6 18. c3 Nc7 19. Rf1 Kg8 20. Ng3 Be6
21. Nf5 Bxf5 22. Rxf5 g6 23. Rf3 Kg7 24. Bc2 Ne6 25. g3 Ng5 26. Rf1 Ne6 27. Be3
Rc8 28. Bb3 Rd8 29. Kg2 Nc7 30. h4 Ne6 31. Kh3 Rd7 32. Kg4 Rd8 33. Kh3 Rd7 34.
g4 Rd8 35. Kg3 Re8 36. Rf2 Rf8 37. Rf1 Nc7 38. Bd1 Ne6 39. Bf3 Rd8 40. Bg2 Rf8
41. b3 Bd8 42. Kh3 Bb6 43. b4 Rd8 44. Kg3 Rd7 45. Rf2 Bd8 46. Bf1 Bc7 47. Bd3
Bd8 48. a4 b6 49. Ba6 Rc7 50. Rd2 Rd7 51. Be2 Bc7 52. Kh3 c5 53. bxc5 bxc5 54.
Bf3 cxd4 55. cxd4 Bb6 56. Kg2 Bd8 57. h5 Bb6 58. Kf1 g5 59. Ke2 Kf8 60. Kd3 Ke7
61. Rb2 Rd8 62. a5 Bxa5 63. Rb5 Bb6 64. Rxd5 Rxd5 65. Bxd5 Nf4+ 66. Ke4 Ne2 67.
Bc4 Nf4 68. d5 Bxe3 69. Kxe3 f6 70. d6+ Kd7 71. Bb5+ Ke6 72. d7 Ke7 73. exf6+
Kd8 74. Ke4 Ne6 75. Ke5 Nf8 76. Kd6 a6 77. Bc6 a5 78. Ba4 Nh7 79. Ke6 Nf8+ 80.
Kf7 
1-0

[Event "TV2 Fagernes International 2018"]
[Site "Scandic Hotel Fagernes"]
[Date "2018.03.25"]
[Round "7"]
[White "Ranby, Hans"]
[Black "Hagesæther, Arne"]
[Result "1/2-1/2"]
[WhiteElo "1902"]
[BlackElo "2002"]
[PlyCount "36"]
[EventDate "2018.??.??"]

1. Nf3 d5 2. e3 Nf6 3. c4 e6 4. b3 Be7 5. Bb2 Nbd7 6. Be2 c6 7. O-O O-O 8. d3
Qc7 9. cxd5 Nxd5 10. Nbd2 b6 11. Rc1 Bb7 12. Nc4 Rac8 13. Qc2 Rfd8 14. Rfd1 Bf6
15. Qb1 Bxb2 16. Qxb2 c5 17. d4 cxd4 18. Nxd4 Qb8
1/2-1/2

[Event "TV2 Fagernes International 2018"]
[Site "Scandic Hotel Fagernes"]
[Date "2018.03.25"]
[Round "7"]
[White "Wright, Haakon"]
[Black "Hoem, Tor Wetle"]
[Result "0-1"]
[WhiteElo "1798"]
[BlackElo "1953"]
[PlyCount "56"]
[EventDate "2018.??.??"]

1. d4 e5 2. dxe5 Nc6 3. Nf3 Qe7 4. Nc3 Nxe5 5. Nxe5 Qxe5 6. Qd5 Bd6 7. Qxe5+
Bxe5 8. Bd2 Nf6 9. f4 Bd4 10. e3 Bb6 11. h3 O-O 12. Bd3 Re8 13. Kf2 a6 14. Kf3
d5 15. Rae1 c5 16. e4 d4 17. Ne2 c4 18. Bxc4 Nxe4 19. Bc1 Nd6 20. Bd3 Be6 21.
Ng3 Rac8 22. a3 Rc7 23. b3 Rec8 24. Bb2 Bd5+ 25. Kg4 Rxc2 26. Bxc2 Rxc2 27.
Bxd4 f5+ 28. Kh4 Bd8+ 
0-1

[Event "TV2 Fagernes International 2018"]
[Site "Scandic Hotel Fagernes"]
[Date "2018.03.25"]
[Round "7"]
[White "Gjestemoen-Vonhirsch, Andre"]
[Black "Ayzenberg, Alena"]
[Result "1-0"]
[WhiteElo "1691"]
[BlackElo "1950"]
[PlyCount "123"]
[EventDate "2018.??.??"]

1. e4 c5 2. Nf3 e6 3. d4 cxd4 4. Nxd4 a6 5. c4 Nf6 6. Nc3 Qc7 7. Be2 Bb4 8. Qd3
Nc6 9. f4 Nxd4 10. Qxd4 Bc5 11. Qd3 d6 12. Be3 O-O 13. Rd1 Qb6 14. Bxc5 dxc5
15. e5 Nd7 16. b3 f6 17. exf6 Nxf6 18. O-O Bd7 19. Bf3 Rad8 20. Qe3 Qc7 21. Rd2
b5 22. Rfd1 Rfe8 23. Ne4 Nxe4 24. Bxe4 g6 25. Qg3 Bc8 26. Bxg6 Rf8 27. Bxh7+
Kh8 28. Rxd8 Rxd8 29. Rxd8+ Qxd8 30. Bd3 Qd4+ 31. Kf1 Bd7 32. Qg6 Qxf4+ 33. Ke2
Qh4 34. h3 b4 35. Qf7 Qh6 36. g4 Bc6 37. g5 Qg7 38. Qxg7+ Kxg7 39. h4 Be8 40.
Ke3 e5 41. Bf5 Bc6 42. Be6 a5 43. Bd5 Be8 44. Ke4 Bg6+ 45. Kxe5 Bb1 46. Be4
Bxa2 47. Bc2 a4 48. bxa4 Bxc4 49. Kd6 b3 50. Bb1 Be2 51. Kxc5 Bd1 52. a5 Bc2
53. Kc4 Bxb1 54. Kxb3 Bd3 55. Kc3 Bf1 56. Kb4 Kg6 57. Kc5 Kh5 58. Kb6 Kxh4 59.
g6 Kg5 60. g7 Bc4 61. a6 Kg6 62. a7 
1-0

[Event "TV2 Fagernes International 2018"]
[Site "Scandic Hotel Fagernes"]
[Date "2018.03.25"]
[Round "7"]
[White "Mansoor, Afras"]
[Black "Narva, Regina"]
[Result "1/2-1/2"]
[WhiteElo "1898"]
[BlackElo "1939"]
[PlyCount "90"]
[EventDate "2018.??.??"]

1. c4 c5 2. g3 Nc6 3. Bg2 g6 4. Nc3 Bg7 5. a3 d6 6. Rb1 e6 7. b4 cxb4 8. axb4
Nge7 9. Nf3 O-O 10. O-O e5 11. d3 f5 12. Bg5 e4 13. b5 exf3 14. Bxf3 Nd4 15.
Nd5 Rf7 16. Nxe7+ Rxe7 17. Bd5+ Kh8 18. Bxe7 Qxe7 19. e3 Ne6 20. d4 Ng5 21. Bg2
Be6 22. Qd3 f4 23. gxf4 Nh3+ 24. Kh1 Bf5 25. e4 Nxf4 26. Qg3 Nxg2 27. exf5 Nh4
28. fxg6 Nxg6 29. Rbe1 Qf6 30. Re4 Rf8 31. f3 Qf7 32. Rg1 Qxf3+ 33. Qxf3 Rxf3
34. Re8+ Rf8 35. Rxf8+ Nxf8 36. Rf1 Kg8 37. c5 dxc5 38. dxc5 Ne6 39. c6 bxc6
40. bxc6 Nc7 41. Rd1 Be5 42. Rd3 Kg7 43. Kg2 Kg6 44. h3 Kf6 45. Kf3 Kf5
1/2-1/2

[Event "TV2 Fagernes International 2018"]
[Site "Scandic Hotel Fagernes"]
[Date "2018.03.25"]
[Round "7"]
[White "Ukkelberg, Øyvind"]
[Black "Aarnes, Eirik"]
[Result "0-1"]
[WhiteElo "1939"]
[BlackElo "1785"]
[PlyCount "70"]
[EventDate "2018.??.??"]

1. d4 d5 2. Bf4 Nf6 3. e3 c5 4. c3 e6 5. Bxb8 Rxb8 6. Qa4+ Bd7 7. Qxa7 c4 8. b4
Ra8 9. Qxb7 Ne4 10. Bxc4 Nd6 11. Qxa8 Qxa8 12. Bd3 Bb5 13. Bxb5+ Nxb5 14. Ne2
Qa4 15. Kd2 Be7 16. Rc1 Kd7 17. Rc2 Rc8 18. Rb2 Nd6 19. Rb3 Nc4+ 20. Ke1 Ra8
21. Nc1 Qb5 22. Nd3 f6 23. Nb2 Nxb2 24. Rxb2 h5 25. Rb3 Qd3 26. a4 Bd6 27. h3
g5 28. Ra2 g4 29. h4 g3 30. a5 gxf2+ 31. Kxf2 Rg8 32. Nd2 Bg3+ 33. Kf3 e5 34.
c4 e4+ 35. Nxe4 dxe4#
0-1

[Event "TV2 Fagernes International 2018"]
[Site "Scandic Hotel Fagernes"]
[Date "2018.03.25"]
[Round "7"]
[White "Gundersen, Ingvar"]
[Black "Filen, Hannu"]
[Result "1-0"]
[WhiteElo "1888"]
[BlackElo "1930"]
[PlyCount "77"]
[EventDate "2018.??.??"]

1. e4 e5 2. d4 exd4 3. c3 d3 4. Bxd3 Nc6 5. Nf3 d6 6. Be3 Nge7 7. Nbd2 Ng6 8.
h3 Be7 9. Nd4 Bg5 10. Qe2 Nf4 11. Bxf4 Bxf4 12. g3 Bh6 13. f4 g6 14. N2f3 Qe7
15. O-O-O Ne5 16. Bc2 Bd7 17. Kb1 Nxf3 18. Qxf3 O-O-O 19. Rhe1 Bg7 20. e5 Rde8
21. Be4 c6 22. exd6 Qxd6 23. Nb5 Qc5 24. Nd6+ Kc7 25. Nxe8+ Rxe8 26. Bc2 Rxe1
27. Rxe1 a5 28. g4 Be6 29. f5 Bd5 30. Qf4+ Kb6 31. f6 Bf8 32. Qe3 Bd6 33. Bb3
Qxe3 34. Rxe3 Bf4 35. Re7 Bg2 36. h4 Bf3 37. Rxf7 Bxg4 38. Rxh7 g5 39. Bc2 
1-0

[Event "TV2 Fagernes International 2018"]
[Site "Scandic Hotel Fagernes"]
[Date "2018.03.25"]
[Round "7"]
[White "Myrheim, Håkon Abeland"]
[Black "Hestvik, Elias"]
[Result "1-0"]
[WhiteElo "1914"]
[BlackElo "1572"]
[PlyCount "33"]
[EventDate "2018.??.??"]

1. e4 c6 2. d4 d5 3. e5 c5 4. dxc5 e6 5. Be3 Nc6 6. Nf3 Qc7 7. c3 Nxe5 8. Nxe5
Qxe5 9. Bb5+ Bd7 10. Bxd7+ Kxd7 11. Qa4+ Kd8 12. O-O Qc7 13. b4 Qc6 14. b5 Qd7
15. c4 d4 16. Bxd4 Nf6 17. Bxf6+
1-0

[Event "TV2 Fagernes International 2018"]
[Site "Scandic Hotel Fagernes"]
[Date "2018.03.25"]
[Round "7"]
[White "Sidali, Elias Hulleberg"]
[Black "Shehzad, Shazil"]
[Result "1/2-1/2"]
[WhiteElo "1840"]
[BlackElo "1912"]
[PlyCount "48"]
[EventDate "2018.??.??"]

1. e4 c5 2. Nf3 e6 3. d4 cxd4 4. Nxd4 a6 5. Nc3 b5 6. Bd3 Qb6 7. Nf3 d6 8. O-O
Nf6 9. Qe2 Bb7 10. Be3 Qc7 11. Nd2 Nbd7 12. f3 Be7 13. Qf2 Nc5 14. Nb3 e5 15.
Ne2 O-O 16. Nxc5 dxc5 17. c4 Rfd8 18. Rfd1 b4 19. a3 a5 20. a4 Rd7 21. b3 Rad8
22. Bc2 Rxd1+ 23. Rxd1 Rxd1+ 24. Bxd1 Qd7
1/2-1/2

[Event "TV2 Fagernes International 2018"]
[Site "Scandic Hotel Fagernes"]
[Date "2018.03.25"]
[Round "7"]
[White "Leonhardsen, Vebjørn Maanum"]
[Black "Fuglestein, Sander"]
[Result "1/2-1/2"]
[WhiteElo "1650"]
[BlackElo "1886"]
[PlyCount "54"]
[EventDate "2018.??.??"]

1. c4 e6 2. d4 d5 3. Nc3 Nf6 4. Bg5 c6 5. cxd5 exd5 6. Nf3 Bd6 7. e3 O-O 8. Be2
Re8 9. O-O Nbd7 10. Rc1 Nf8 11. Qc2 h6 12. Bh4 g5 13. Bg3 Bxg3 14. hxg3 Ng6 15.
Bd3 Kg7 16. Rfe1 g4 17. Nd2 h5 18. b4 Be6 19. b5 cxb5 20. Nxb5 Qe7 21. Nc7 Rec8
22. Nxe6+ Qxe6 23. Qb1 Rxc1 24. Rxc1 Rc8 25. Nb3 b6 26. Rc2 Ne7 27. Qc1 Rxc2
1/2-1/2

[Event "TV2 Fagernes International 2018"]
[Site "Scandic Hotel Fagernes"]
[Date "2018.03.25"]
[Round "7"]
[White "Skrede, Snorre"]
[Black "Syse, Knut"]
[Result "1/2-1/2"]
[WhiteElo "1870"]
[BlackElo "1671"]
[PlyCount "64"]
[EventDate "2018.??.??"]

1. d4 d5 2. c4 e6 3. Nf3 Nf6 4. g3 Be7 5. Bg2 O-O 6. O-O dxc4 7. Qc2 a6 8. Qxc4
b5 9. Qc2 Bb7 10. Bd2 Be4 11. Qc1 c6 12. Be3 Nbd7 13. Nc3 Bg6 14. Rd1 Rc8 15.
Qd2 c5 16. dxc5 Bxc5 17. Bxc5 Nxc5 18. Qxd8 Rfxd8 19. Rxd8+ Rxd8 20. Rd1 Rxd1+
21. Nxd1 Bc2 22. Ne3 Bb1 23. a3 a5 24. Nd2 Bg6 25. b4 axb4 26. axb4 Nce4 27.
Nxe4 Nxe4 28. Bxe4 Bxe4 29. f3 Bb1 30. Kf2 Kf8 31. Nd1 Ba2 32. e4 f6 
1/2-1/2

[Event "TV2 Fagernes International 2018"]
[Site "Scandic Hotel Fagernes"]
[Date "2018.03.25"]
[Round "7"]
[White "Rolstad, Morten"]
[Black "Strømhaug, Kristoffer Wang"]
[Result "1-0"]
[WhiteElo "1850"]
[BlackElo "1472"]
[PlyCount "59"]
[EventDate "2018.??.??"]

1. e4 d5 2. exd5 Qxd5 3. Nf3 Nf6 4. Be2 c6 5. d4 g6 6. O-O Bg7 7. Ne5 O-O 8.
Bc4 Qd8 9. c3 Nbd7 10. f4 Qb6 11. Nd2 Nxe5 12. fxe5 Ng4 13. Qb3 Ne3 14. Rxf7
Nxc4 15. Rxf8+ Kxf8 16. Qxc4 Bxe5 17. Qf1+ Bf6 18. Ne4 Kg7 19. Kh1 Bf5 20. Nc5
Qc7 21. Qxf5 gxf5 22. Ne6+ Kf7 23. Nxc7 Rc8 24. Bf4 e5 25. dxe5 Bd8 26. e6+ Kg8
27. Rd1 Bxc7 28. Bxc7 Rxc7 29. Rd8+ Kg7 30. Rd7+
1-0

[Event "TV2 Fagernes International 2018"]
[Site "Scandic Hotel Fagernes"]
[Date "2018.03.25"]
[Round "7"]
[White "Mjaaland, Bendik"]
[Black "Tocklin, Tomi"]
[Result "1-0"]
[WhiteElo "1694"]
[BlackElo "1844"]
[PlyCount "71"]
[EventDate "2018.??.??"]

1. e4 c6 2. d4 d5 3. exd5 cxd5 4. Bd3 Nc6 5. c3 Nf6 6. Bf4 Bg4 7. Qb3 Qc8 8.
Nd2 e6 9. Ngf3 Be7 10. O-O Bh5 11. Rae1 O-O 12. Ne5 Nd7 13. Qc2 Ndxe5 14. dxe5
Bg6 15. Bxg6 hxg6 16. Qd3 b5 17. Re3 b4 18. h4 bxc3 19. bxc3 Qc7 20. Nf3 Bc5
21. Nd4 Bxd4 22. cxd4 Qb6 23. Rd1 Rfc8 24. a3 Rab8 25. Rh3 Qb5 26. Qe3 Qa4 27.
Rd3 Rb1+ 28. Kh2 Rd1 29. h5 Rxd3 30. Qxd3 Qxd4 31. Qg3 Ne7 32. Be3 Qd1 33. Qg5
Nf5 34. hxg6 fxg6 35. Qxg6 Nxe3 36. Qxe6+ 
1-0

[Event "TV2 Fagernes International 2018"]
[Site "Scandic Hotel Fagernes"]
[Date "2018.03.25"]
[Round "7"]
[White "Hoel, Mathias"]
[Black "Lang, Gusztav Jr"]
[Result "1/2-1/2"]
[WhiteElo "1842"]
[BlackElo "1630"]
[PlyCount "107"]
[EventDate "2018.??.??"]

1. d4 Nf6 2. c4 e5 3. dxe5 Ng4 4. e3 Nxe5 5. f4 Bb4+ 6. Bd2 Bxd2+ 7. Nxd2 Ng6
8. h4 Qe7 9. Qf3 Nxh4 10. Qf2 Nf5 11. O-O-O Nc6 12. Ngf3 d6 13. g4 Nh6 14. g5
Ng4 15. Qg1 Bd7 16. Bh3 f5 17. e4 O-O-O 18. exf5 h5 19. Nh4 Qe3 20. Bxg4 Qxg1
21. Rhxg1 hxg4 22. Rxg4 Nb4 23. Ndf3 Rde8 24. a3 Nc6 25. Rgg1 Re4 26. b3 Rxf4
27. Ng6 Rxf3 28. Nxh8 Bxf5 29. Rdf1 Rc3+ 30. Kd2 Rd3+ 31. Ke1 g6 32. Rxf5 gxf5
33. g6 Re3+ 34. Kf2 Re8 35. Nf7 Ne5 36. Nh6 Ng4+ 37. Rxg4 fxg4 38. g7 Kd7 39.
g8=Q Rxg8 40. Nxg8 Ke6 41. Kg3 Ke5 42. Kxg4 Kd4 43. Kf5 Kc3 44. Ke6 Kxb3 45.
Kd7 Kxc4 46. Kxc7 d5 47. Kxb7 a5 48. Kb6 d4 49. Nf6 a4 50. Ne4 Kb3 51. Kc5 d3
52. Kd4 d2 53. Nxd2+ Kxa3 54. Kc3 
1/2-1/2

[Event "TV2 Fagernes International 2018"]
[Site "Scandic Hotel Fagernes"]
[Date "2018.03.25"]
[Round "7"]
[White "Helgøy, Håkon Hembre"]
[Black "Blazekovic, Nina"]
[Result "0-1"]
[WhiteElo "1483"]
[BlackElo "1825"]
[PlyCount "52"]
[EventDate "2018.??.??"]

1. d4 g6 2. Nf3 Bg7 3. e3 d6 4. Be2 Nd7 5. b3 e5 6. Bb2 Qe7 7. c4 Nh6 8. Nc3 c6
9. d5 f5 10. e4 Nc5 11. Nd2 O-O 12. b4 Nxe4 13. Ndxe4 fxe4 14. Nxe4 Qh4 15. Bf3
Bf5 16. Nxd6 e4 17. Bxg7 exf3 18. Bxf8 fxg2 19. Rg1 Qxh2 20. Ke2 Qe5+ 21. Kd2
Qd4+ 22. Ke2 Bg4+ 23. f3 Bxf3+ 24. Kxf3 Rxf8+ 25. Kg3 Qf2+ 26. Kh3 Rf3+ 
0-1

[Event "TV2 Fagernes International 2018"]
[Site "Scandic Hotel Fagernes"]
[Date "2018.03.25"]
[Round "7"]
[White "Sørensen, Simen"]
[Black "Haynes, Noah"]
[Result "1/2-1/2"]
[WhiteElo "1821"]
[BlackElo "1648"]
[PlyCount "35"]
[EventDate "2018.??.??"]

1. c4 c5 2. Nc3 Nc6 3. g3 Nf6 4. Bg2 g6 5. d3 Bg7 6. e4 O-O 7. Nge2 a6 8. Rb1
Rb8 9. a4 d6 10. O-O Bd7 11. h3 Ne8 12. Be3 Nc7 13. f4 b5 14. axb5 axb5 15. b3
b4 16. Nd5 Ne6 17. Bc1 Ned4 18. Bb2
1/2-1/2

[Event "TV2 Fagernes International 2018"]
[Site "Scandic Hotel Fagernes"]
[Date "2018.03.25"]
[Round "7"]
[White "Ji, Jiahao Eric"]
[Black "Tenold, Andreas"]
[Result "0-1"]
[WhiteElo "1462"]
[BlackElo "1755"]
[PlyCount "58"]
[EventDate "2018.??.??"]

1. d4 d5 2. Nf3 e6 3. Bf4 Nf6 4. e3 Bd6 5. Bg3 O-O 6. c4 c6 7. Bxd6 Qxd6 8. c5
Qe7 9. Nc3 Nbd7 10. b4 e5 11. Be2 e4 12. Nd2 Re8 13. Qb3 b6 14. g4 h6 15. h4
Nh7 16. O-O-O a5 17. a3 axb4 18. axb4 bxc5 19. bxc5 Ba6 20. Bxa6 Rxa6 21. Rdg1
Rb8 22. Qd1 Ra1+ 23. Ndb1 Qd8 24. g5 Qa5 25. Qc2 h5 26. g6 Nhf6 27. gxf7+ Kxf7
28. Rg5 g6 29. Rh3 Raxb1+
0-1

[Event "TV2 Fagernes International 2018"]
[Site "Scandic Hotel Fagernes"]
[Date "2018.03.25"]
[Round "7"]
[White "Ali, Karim"]
[Black "Shehzad, Alisha"]
[Result "1/2-1/2"]
[WhiteElo "1739"]
[BlackElo "1598"]
[PlyCount "62"]
[EventDate "2018.??.??"]

1. e4 c5 2. Nc3 e6 3. Bc4 Nc6 4. f4 a6 5. d3 b5 6. Bb3 Bb7 7. Nf3 Nge7 8. O-O
d5 9. exd5 Nxd5 10. Qe1 Nxc3 11. f5 e5 12. bxc3 f6 13. Qh4 Qc7 14. Be6 Bc8 15.
Qh5+ Kd8 16. Bd5 Qd7 17. c4 Kc7 18. Nh4 Bd6 19. cxb5 axb5 20. a4 bxa4 21. Qg4
Bb7 22. Rxa4 Nd4 23. Rxa8 Rxa8 24. Bxb7 Kxb7 25. c3 Nb5 26. Qc4 Qc6 27. Bd2 Na3
28. Qf7+ Qc7 29. Qh5 c4 30. dxc4 Qxc4 31. Be3 Ra4
1/2-1/2

[Event "TV2 Fagernes International 2018"]
[Site "Scandic Hotel Fagernes"]
[Date "2018.03.25"]
[Round "7"]
[White "Bernstein, Jonas August"]
[Black "Unhjem, Bjørn Robert Løvoll"]
[Result "1/2-1/2"]
[WhiteElo "1637"]
[BlackElo "1698"]
[PlyCount "162"]
[EventDate "2018.??.??"]

1. d4 Nf6 2. Bf4 e6 3. e3 Be7 4. h3 b6 5. Nf3 Bb7 6. Bd3 c5 7. c3 O-O 8. O-O d5
9. Nbd2 Nc6 10. Ne5 Nxe5 11. Bxe5 Nd7 12. Bh2 f5 13. Nf3 Nf6 14. Ne5 Bd6 15.
Qe2 Qc7 16. Nf3 Bxh2+ 17. Nxh2 Ne4 18. Nf3 Nd6 19. Ne5 Nf7 20. Nxf7 Rxf7 21. f4
c4 22. Bc2 b5 23. a3 a5 24. Kf2 Qb6 25. g4 Bc8 26. Ke1 Rfa7 27. Kd2 Rb8 28. Rg1
Rab7 29. Qg2 Qd6 30. gxf5 exf5 31. Qg5 Qf8 32. Rab1 b4 33. axb4 axb4 34. h4 Kh8
35. h5 Be6 36. Qh4 Qd8 37. Qxd8+ Rxd8 38. Rg5 h6 39. Rg2 bxc3+ 40. bxc3 Rxb1
41. Bxb1 Kg8 42. Kc1 Rb8 43. Rb2 Rxb2 44. Kxb2 Kf7 45. Kc1 Kf6 46. Kd2 Bf7 47.
Ke1 Bxh5 48. Kf2 Bd1 49. Kg3 g5 50. Kf2 h5 51. fxg5+ Kxg5 52. Kg3 h4+ 53. Kh3
Bb3 54. Kg2 Kg4 55. Kh2 h3 56. Kg1 Bd1 57. Kh2 Be2 58. Bc2 Bd3 59. Bd1+ Kh4 60.
Bf3 Be4 61. Be2 Bg2 62. Bd1 Kg5 63. Kg3 Kf6 64. Bc2 Kg5 65. Bd1 Bf1 66. Bf3 Bg2
67. Bxg2 hxg2 68. Kxg2 Kg4 69. Kf2 f4 70. Ke2 fxe3 71. Kxe3 Kg3 72. Ke2 Kg4 73.
Ke3 Kg5 74. Kf3 Kf5 75. Ke3 Kg4 76. Ke2 Kg3 77. Ke3 Kg4 78. Ke2 Kh5 79. Kf3 Kg5
80. Kg3 Kf5 81. Kf3 Kg5 
1/2-1/2

[Event "TV2 Fagernes International 2018"]
[Site "Scandic Hotel Fagernes"]
[Date "2018.03.25"]
[Round "7"]
[White "Gjære, Vidar"]
[Black "Flatebø, Hallvard Haug"]
[Result "0-1"]
[WhiteElo "1623"]
[BlackElo "1684"]
[PlyCount "56"]
[EventDate "2018.??.??"]

1. d4 Nf6 2. Bf4 d5 3. e3 c5 4. c3 e6 5. Nf3 Nc6 6. Nbd2 Bd6 7. Bg3 O-O 8. Bd3
b6 9. Qe2 Bb7 10. e4 dxe4 11. Nxe4 Be7 12. Rd1 cxd4 13. Nxf6+ Bxf6 14. Qe4 g6
15. h4 Na5 16. Qe2 Qe7 17. cxd4 Rfd8 18. Be5 Nc6 19. Kf1 Nb4 20. Bb1 Ba6 21.
Bd3 Bxd3 22. Rxd3 Nxd3 23. Qxd3 Bxe5 24. Nxe5 Qf6 25. Qe4 Rac8 26. Rh3 Rc1+ 27.
Ke2 Qf5 28. Ke3 Re1+
0-1

[Event "TV2 Fagernes International 2018"]
[Site "Scandic Hotel Fagernes"]
[Date "2018.03.25"]
[Round "7"]
[White "Galinskyi, Mykhalo"]
[Black "Kaunonen, Jouni"]
[Result "1-0"]
[WhiteElo "1515"]
[BlackElo "1647"]
[PlyCount "77"]
[EventDate "2018.??.??"]

1. e4 e6 2. d4 d5 3. exd5 exd5 4. Bd3 c5 5. Nf3 Nf6 6. O-O Be7 7. dxc5 Nc6 8.
h3 O-O 9. Nbd2 Bxc5 10. Nb3 Bb6 11. c3 Qd6 12. Bg5 Bxh3 13. gxh3 Qg3+ 14. Kh1
Qxh3+ 15. Kg1 Ng4 16. Bf5 Qg3+ 17. Kh1 Nxf2+ 18. Rxf2 Qxf2 19. Bh4 Qxb2 20.
Nfd4 Nxd4 21. cxd4 Bc7 22. Nd2 Qxd4 23. Nf3 Qxd1+ 24. Rxd1 Rfe8 25. Rxd5 Re2
26. Rd7 Bf4 27. Rxb7 f6 28. Kg1 Kh8 29. Nd4 Rxa2 30. Ne6 Rc8 31. Nc7 Rd8 32.
Bd7 Bxc7 33. Rxc7 h6 34. Bf2 a5 35. Bb6 Rb8 36. Bf5 a4 37. Bb1 Ra1 38. Rc1 a3
39. Rc2 {Time}
1-0

[Event "TV2 Fagernes International 2018"]
[Site "Scandic Hotel Fagernes"]
[Date "2018.03.25"]
[Round "7"]
[White "Stai, Sondre"]
[Black "Smedsrud, Morten S"]
[Result "1-0"]
[WhiteElo "1636"]
[BlackElo "1349"]
[PlyCount "72"]
[EventDate "2018.??.??"]

1. d4 Nf6 2. Nf3 g6 3. c4 Bg7 4. g3 d6 5. Bg2 e6 6. Nc3 Nbd7 7. O-O O-O 8. Qc2
c5 9. Rd1 cxd4 10. Nxd4 a6 11. b3 Qc7 12. Bb2 Rb8 13. Rac1 Ne5 14. e4 Nc6 15.
Ncb5 Nxd4 16. Nxd4 Bd7 17. Ba3 Rfe8 18. Nb5 axb5 19. Bxd6 Qb6 20. Bxb8 e5 21.
c5 Qe6 22. Bc7 Ng4 23. Rd6 Qe7 24. Rcd1 Bc6 25. Bd8 Qf8 26. h3 Nh6 27. Bb6 f5
28. Rd8 f4 29. Rxe8 Bxe8 30. Qd3 g5 31. Qd5+ Nf7 32. Qxb7 h5 33. Bd8 Nxd8 34.
Rxd8 fxg3 35. fxg3 Bf6 36. Qd5+ Qf7
1-0

[Event "TV2 Fagernes International 2018"]
[Site "Scandic Hotel Fagernes"]
[Date "2018.03.25"]
[Round "7"]
[White "Wærstad, Leif E"]
[Black "Sola, Roar"]
[Result "1-0"]
[WhiteElo "1585"]
[BlackElo "1378"]
[PlyCount "53"]
[EventDate "2018.??.??"]

1. d4 d5 2. Nf3 Nf6 3. c4 c6 4. Nc3 e6 5. e3 Nbd7 6. a3 a5 7. Bd3 Bd6 8. O-O
O-O 9. e4 dxe4 10. Nxe4 Nxe4 11. Bxe4 e5 12. c5 Bc7 13. Qc2 g6 14. Bg5 f6 15.
Bh6 f5 16. Qb3+ Kh8 17. Bc2 exd4 18. Ng5 Nf6 19. Nf7+ Rxf7 20. Qxf7 Nh5 21. Bb3
Bd7 22. Rfe1 Qh4 23. h3 Bf4 24. Bxf4 Nxf4 25. Qxd7 Rd8 26. Re8+ Rxe8 27. Qxd4+
1-0

[Event "TV2 Fagernes International 2018"]
[Site "Scandic Hotel Fagernes"]
[Date "2018.03.25"]
[Round "7"]
[White "Hina, Ariza"]
[Black "Evenshaug, Amadeus Hestvik"]
[Result "1-0"]
[WhiteElo "1570"]
[BlackElo "1327"]
[PlyCount "39"]
[EventDate "2018.??.??"]

1. e4 e5 2. Nc3 Nf6 3. f4 d5 4. fxe5 Nxe4 5. Nf3 Nc6 6. d4 Nxc3 7. bxc3 Be7 8.
Bd3 Be6 9. O-O Qd7 10. Ng5 h6 11. Nxe6 Qxe6 12. Bf5 Nxd4 13. Bxe6 Nxe6 14. Qxd5
Bc5+ 15. Kh1 c6 16. Qf3 Ng5 17. Bxg5 hxg5 18. Qxf7+ Kd8 19. Rad1+ Kc8 20. Qd7+
1-0

[Event "TV2 Fagernes International 2018"]
[Site "Scandic Hotel Fagernes"]
[Date "2018.03.25"]
[Round "7"]
[White "Rynning, Rune Kleiven"]
[Black "Selvik, Elma"]
[Result "1-0"]
[WhiteElo "1567"]
[BlackElo "1263"]
[PlyCount "79"]
[EventDate "2018.??.??"]

1. d4 e6 2. c4 b6 3. e4 Bb7 4. Nc3 Bb4 5. f3 Nc6 6. Be3 Nge7 7. Qd2 O-O 8. Nge2
d5 9. a3 Bxc3 10. Nxc3 Qd7 11. Bd3 Rad8 12. cxd5 exd5 13. e5 Rfe8 14. g4 Na5
15. Qc2 h6 16. h4 c5 17. Bh7+ Kf8 18. h5 Nc4 19. Bf2 cxd4 20. Bxd4 Nc6 21.
O-O-O Nxd4 22. Rxd4 Rxe5 23. Bf5 Qe7 24. Qf2 Re8 25. Rdd1 a6 26. Bb1 Rc8 27.
Rhe1 Nxa3 28. f4 Re6 29. Rxe6 Qxe6 30. Ba2 Qxg4 31. Rg1 Qe6 32. Qd4 Nb5 33.
Qxg7+ Ke7 34. Kd2 Qf5 35. Re1+ Kd6 36. Qxh6+ f6 37. Qg7 Qxf4+ 38. Kc2 d4 39.
Qe7+ Kc6 40. Bd5# 
1-0

[Event "TV2 Fagernes International 2018"]
[Site "Scandic Hotel Fagernes"]
[Date "2018.03.25"]
[Round "7"]
[White "Skrede, Alexander"]
[Black "Gaure, Sigurd Lauvas"]
[Result "1/2-1/2"]
[WhiteElo "1242"]
[BlackElo "1552"]
[PlyCount "43"]
[EventDate "2018.??.??"]

1. e4 c5 2. Nf3 d6 3. d4 cxd4 4. Nxd4 Nf6 5. Nc3 g6 6. Be3 Bg7 7. f3 O-O 8. Bc4
Nc6 9. Qd2 Bd7 10. O-O-O Rc8 11. Bb3 Qa5 12. g4 Ne5 13. h4 h5 14. gxh5 Nxh5 15.
Rhg1 Nc4 16. Bxc4 Rxc4 17. Rg5 Qc7 18. Rdg1 Kh7 19. Rxh5+ gxh5 20. Rxg7+ Kxg7
21. Bh6+ Kh7 22. Bg7
1/2-1/2